[Event "SRI-chB"]
[Site "Mount Lavinia"]
[Date "2022.03.20"]
[Round "9"]
[White "De Silva, Elath Mathanga"]
[Black "Liyanage, Daham Kusalwin"]
[Result "1-0"]
[WhiteElo "1865"]
[BlackElo "1484"]
[PlyCount "29"]
[EventDate "2022.03.16"]
[EventType "swiss"]
[EventRounds "10"]
[EventCountry "SRI"]
[SourceTitle "EXT 2023"]
[Source "ChessBase"]
[SourceDate "2022.10.05"]
[SourceVersion "1"]
[SourceVersionDate "2022.10.05"]
[SourceQuality "1"]

1. d4 Nf6 2. Nf3 c5 3. c3 d5 4. Bf4 Nc6 5. e3 cxd4 6. exd4 Bg4 7. Nbd2 e6 8. Qb3 Bxf3 9. Qxb7 Rc8 10. Nxf3 Be7 11. Bb5 Qd7 12. Qa6 0-0 13. Ne5 Nb8 14. Nxd7 Nxa6 15. Nxf6+ 1-0

[Event "SRI-chB"]
[Site "Mount Lavinia"]
[Date "2022.03.19"]
[Round "7"]
[White "Liyanage, Pesandu Rashmitha"]
[Black "Liyanage, Daham Kusalwin"]
[Result "1/2-1/2"]
[WhiteElo "1813"]
[BlackElo "1484"]
[PlyCount "135"]
[EventDate "2022.03.16"]
[EventType "swiss"]
[EventRounds "10"]
[EventCountry "SRI"]
[SourceTitle "EXT 2023"]
[Source "ChessBase"]
[SourceDate "2022.10.05"]
[SourceVersion "1"]
[SourceVersionDate "2022.10.05"]
[SourceQuality "1"]

1. Nf3 Nf6 2. g3 d5 3. Bg2 c6 4. 0-0 Bf5 5. d3 h6 6. Nbd2 e6 7. b3 Be7 8. Bb2 0-0 9. c4 a5 10. a3 Na6 11. Ra2 Nc5 12. Qa1 a4 13. b4 Nb3 14. Qd1 dxc4 15. dxc4 Ne4 16. Nxb3 Qxd1 17. Rxd1 axb3 18. Raa1 Nd6 19. Ne5 Bc2 20. c5 Bxd1 21. cxd6 Bxd6 22. Rxd1 Bxe5 23. Bxe5 Rxa3 24. Be4 Ra4 25. Bc3 Rfa8 26. Bb1 Kf8 27. f4 Ke7 28. Kf2 f6 29. Bd3 b6 30. Rb1 Ra3 31. Bd4 Rb8 32. Bc4 Kd6 33. Bb2 Ra7 34. Rd1+ Ke7 35. Bxb3 c5 36. b5 Rc8 37. Bc4 Ra4 38. Rc1 Rb4 39. Ba3 Ra4 40. Rc3 Rd8 41. e3 Rd2+ 42. Be2 g5 43. Bc1 Rda2 44. h3 f5 45. fxg5 hxg5 46. e4 Rxe4 47. Bxg5+ Kf7 48. Be3 Rb4 49. Kf3 Rbb2 50. Bc4 Ra4 51. h4 Kf6 52. Bg5+ Kf7 53. h5 Rbb4 54. Be2 c4 55. Bd1 Ra5 56. h6 Kg6 57. Be7 Rbxb5 58. Bf8 Rd5 59. Bc2 b5 60. g4 Ra8 61. gxf5+ exf5 62. Bg7 Ra7 63. Kf4 Rxg7 64. hxg7 Kxg7 65. Bxf5 Kf6 66. Be4 Rc5 67. Rc1 b4 68. Bc2 1/2-1/2